3DS Variations - Statistics

General Stats
  • This quiz has been taken 145 times
  • The average score is 4 of 5
Answer Stats
Year Released Answer % Correct
2013 2DS
97%
2012 3DS XL
96%
2014 New 3DS
86%
2017 New 2DS XL
81%
2014 New 3DS XL
81%
No matching quizzes found
Score Distribution
Percent of People with Each Score
Percentile by Number Answered
Your Score History
You have not taken this quiz